Population (Record no. 10606)
[ view plain ]
| 000 -LEADER | |
|---|---|
| fixed length control field | 00216 a2200109 4500 |
| 020 ## - INTERNATIONAL STANDARD BOOK NUMBER | |
| International Standard Book Number | 9780340886731 |
| 005 - DATE AND TIME OF LATEST TRANSACTION | |
| control field | 20191017173707.0 |
| 084 ## - OTHER CLASSIFICATION NUMBER | |
| Classification number | NONE |
| 100 ## - MAIN ENTRY--PERSONAL NAME | |
| Personal name | Jack Gillet |
| 245 ## - TITLE STATEMENT | |
| Title | Population |
| Medium | Text |
| 260 ## - PUBLICATION, DISTRIBUTION, ETC. | |
| Date of publication, distribution, etc. | 2005 |
| 650 ## - SUBJECT ADDED ENTRY--TOPICAL TERM | |
| Topical term or geographic name entry element | GEOGRAPHY |
| Withdrawn status | Lost status | Source of classification or shelving scheme | Damaged status | Not for loan | Home library | Current library | Shelving location | Date acquired | Total Checkouts | Full call number | Barcode | Date last seen | Copy number | Price effective from | Koha item type |
|---|---|---|---|---|---|---|---|---|---|---|---|---|---|---|---|
| CUZ Harare Campus | CUZ Harare Campus | Open Shelf | 06.04.2017 | HB 172.5 .F69 | BK0002365 | 22.05.2025 | CU5252 | 06.04.2017 | OS Book | ||||||
| CUZ Harare Campus | CUZ Harare Campus | Open Shelf | 06.04.2017 | HB 172.5 .STI | BK0002366 | 22.05.2025 | CU122 | 06.04.2017 | OS Book |